000
00255nam a22001097a 4500
040
_c
SCME
100
_a
Trinh Xuan Thuan
_9
92096
245
_a
The secret melody
260
_a
New York
_b
Oxford University Press
_c
1995
300
_a
313p.
942
_2
ddc
_c
BK
999
_c
590206
_d
590206